عرض عادي
عرض مارك
- Mazzarella, Janet.
مدخل إسم هيئة
001 - رقم الضبط
- حقل الضبط: 18120
003 - معرف رقم الضبط
- حقل الضبط: OSt
005 - تاريخ ووقت أخر عملية
- حقل الضبط: 20121203223925.0
008 - عناصر بيانات ثابتة الطول
- حقل تحكم ثابت الطول: 121203|||a|||||| | ||| d
040 ## - مصدر الفهرسة
- هيئة الفهرسة الأصلية: OSt
- وكالة الكتابة: OSt
110 ## - مدخل -- أسم شخص
- اسم الهيئه او اسم السلطه كعنصر مدخل: Mazzarella, Janet.
670 ## - بيانات المصدر موجوده
- الاستشهاد بالمصدر: Work cat.: (OSt)0: Sullivan, Michael, 1967 July 2- 18117, Elementary algebra /, c2010.
